| 000 | 00885cam a2200289 a 4500 | ||
|---|---|---|---|
| 999 |
_c530144 _d530144 |
||
| 001 | 2878232 | ||
| 003 | NUST | ||
| 005 | 20191011094633.0 | ||
| 008 | 860508s1987 mnua b s001 0 eng | ||
| 010 | _a 86011307 | ||
| 020 |
_a0816614393 : _c$25.00 |
||
| 020 |
_a0816614407 (pbk.) : _c$10.95 |
||
| 038 | _aMSOHAIL | ||
| 040 |
_aDLC _cDLC _dDLC |
||
| 050 | 0 | 0 |
_aT57.95 _b.R45 1987 |
| 082 | 0 | 0 |
_a001.53/8 _219 |
| 100 | 1 |
_aResnik, Michael D. _923510 |
|
| 245 | 1 | 0 |
_aChoices : _bAn introduction to decision theory / _cMichael D. Resnik. |
| 260 |
_aMinneapolis : _bUniversity of Minnesota Press, _cc1987. |
||
| 300 |
_axiii, 221 p. : _bill. ; _c24 cm. |
||
| 500 | _aIncludes index. | ||
| 504 | _aBibliography: p. 215-216. | ||
| 650 | 0 |
_aDecision making. _91911 |
|
| 650 | 0 |
_aStatistical decision. _923511 |
|
| 906 |
_a7 _bcbc _corignew _d1 _eocip _f19 _gy-gencatlg |
||
| 942 |
_2ddc _cBK |
||